000 00821 am a22002418a 4500
001 011629919
005 20131029114841.0
008 011113s2002 xxu || 000 ||eng
020 _a1560329106 :
082 0 4 _a620.86
_221
_bKLE
100 1 _aKletz, Trevor A.
_933925
245 1 3 _aAn engineer's view of human error /
_cTrevor Kletz.
250 _a3rd ed.
260 _aWashington, D.C. ;
_aLondon :
_bTaylor & Francis,
_c2002.
300 _a280p. :
_bill. (some col.) ;
_c26cm.
500 _aThis ed. originally published: Rugby: Institution of Chemical Engineers, 2001.
650 0 _aHuman engineering.
_931863
650 0 _aIndustrial safety.
_934286
650 0 _aEngineering
_xSafety measures.
_924638
650 0 _aAccidents
_xPrevention.
_934287
653 _bArch
_cOctober2013
942 _2ddc
_cBB
_k620.86 KLE
999 _c17705
_d17677